[Event "Biel HTO 56th"]
[Site "Biel"]
[Date "2023.07.25"]
[Round "8"]
[White "Abdulrahman Mohammad, Al Taher"]
[Black "Malli, Suvirr"]
[Result "1-0"]
[WhiteElo "2258"]
[BlackElo "2094"]
[PlyCount "193"]
[EventDate "2023.07.17"]
[EventType "swiss"]
[EventRounds "10"]
[EventCountry "SUI"]
[SourceTitle "CBM 215 Extra"]
[Source "ChessBase"]
[SourceDate "2023.09.30"]
[SourceVersion "1"]
[SourceVersionDate "2023.09.30"]
[SourceQuality "1"]

1. d4 d5 2. c4 c6 3. cxd5 cxd5 4. Bg5 Nc6 5. Nc3 Nf6 6. Bxf6 gxf6 7. e3 Bg7 8. Bd3 e5 9. Qb3 Ne7 10. Nge2 h5 11. Rd1 e4 12. Bb5+ Kf8 13. Nf4 Be6 14. 0-0 h4 15. Be2 b6 16. f3 exf3 17. Bxf3 Bh6 18. Nxe6+ fxe6 19. e4 Rc8 20. exd5 Nf5 21. dxe6 Be3+ 22. Rf2 Bxf2+ 23. Kxf2 Qd6 24. Qb5 Qf4 25. Qd7 Rc7 26. Nd5 Rxd7 27. Nxf4 Rg7 28. Be4 Nd6 29. Ng6+ Kg8 30. Nxh8 Nxe4+ 31. Ke3 Nd6 32. Nf7 Nxf7 33. exf7+ Kxf7 34. Rd2 Ke6 35. d5+ Kd6 36. Kf4 Rg5 37. a3 a5 38. a4 Re5 39. b3 Rg5 40. Ke4 Rh5 41. Kf3 Re5 42. Rd3 Rg5 43. Rd4 Rf5+ 44. Kg4 Rf2 45. g3 f5+ 46. Kxh4 Rxh2+ 47. Kg5 Rg2 48. Kf4 Rf2+ 49. Ke3 Rb2 50. Rd3 Rg2 51. Kd4 Re2 52. Kc4 Kc7 53. d6+ Kc6 54. d7 Rc2+ 55. Kd4 Kxd7 56. Ke5+ Ke7 57. Kxf5 Rc5+ 58. Ke4 Ke6 59. Re3 Rd5 60. Rc3 Rd6 61. Rd3 Rc6 62. Rd5 Rc3 63. Rb5 Rxg3 64. Rxb6+ Kd7 65. Kd4 Kc7 66. Rb5 Kc6 67. Kc4 Rg4+ 68. Kc3 Rg3+ 69. Kb2 Rg2+ 70. Ka3 Rg4 71. Rxa5 Kb6 72. Rh5 Rf4 73. Rh3 Rg4 74. b4 Rg6 75. a5+ Kb5 76. Rh5+ Ka6 77. Ka4 Rg4 78. Rh6+ Ka7 79. Rc6 Rh4 80. Kb5 Rh7 81. a6 Rh5+ 82. Rc5 Rh6 83. Rc7+ Kb8 84. Rc6 Rh7 85. Kb6 Rb7+ 86. Ka5 Rh7 87. b5 Rh5 88. Kb6 Rh8 89. Rc5 Rh6+ 90. Ka5 Rh1 91. b6 Ra1+ 92. Kb5 Rb1+ 93. Kc6 Ra1 94. a7+ Ka8 95. b7+ Kxa7 96. Kc7 Rb1 97. Ra5# 1-0

[Event "Biel HTO 56th"]
[Site "Biel"]
[Date "2023.07.17"]
[Round "1"]
[White "Aryan, Chopra"]
[Black "Abdulrahman Mohammad, Al Taher"]
[Result "1-0"]
[WhiteElo "2626"]
[BlackElo "2258"]
[PlyCount "63"]
[EventDate "2023.07.17"]
[EventType "swiss"]
[EventRounds "10"]
[EventCountry "SUI"]
[SourceTitle "CBM 215 Extra"]
[Source "ChessBase"]
[SourceDate "2023.09.30"]
[SourceVersion "1"]
[SourceVersionDate "2023.09.30"]
[SourceQuality "1"]

1. e4 c5 2. Nf3 Nc6 3. d4 cxd4 4. Nxd4 g6 5. c4 Nf6 6. Nc3 Nxd4 7. Qxd4 d6 8. Be2 Bg7 9. Be3 0-0 10. Qd3 a5 11. 0-0 a4 12. f4 Qa5 13. Bd4 Bd7 14. e5 Bf5 15. Qe3 Nd7 16. Nd5 Qd8 17. Rad1 Be6 18. exd6 exd6 19. Bxg7 Kxg7 20. Qd4+ Kg8 21. Nc3 Qa5 22. Ne4 Rfd8 23. Nxd6 Nb6 24. f5 gxf5 25. Rf3 Rd7 26. c5 Rad8 27. Rg3+ Kf8 28. Qg7+ Ke7 29. Qg5+ Kf8 30. Qh6+ Ke7 31. Nxf5+ Bxf5 32. Re3+ 1-0